| 000 | 004190000a22001450004500 | ||
|---|---|---|---|
| 090 |
_aAR _b00770 |
||
| 245 | 1 | 0 | _aPatterns of neotropical plant species diversity |
| 650 | 1 | 4 |
_aVegetación _992799 |
| 650 | 1 | 4 |
_aPatrones de distribución _993901 |
| 650 | 1 | 4 |
_aRiqueza de especies _93326 |
| 041 | 0 | _aInglés | |
| 100 | 1 |
_aGentry, Alwyn H. _93673 |
|
| 942 | _cARTICULO | ||
| 773 | 1 |
_tEvolutionary Biology _3289 _h15 _q1-84 _d1982 _g15 |
|
| 999 |
_c9861 _d9861 |
||